| 000 | 00983nam a22003977a 4500 | ||
|---|---|---|---|
| 005 | 20240315140735.0 | ||
| 008 | 180403b xxu||||| |||| 00| 0 spa d | ||
| 020 | _a9786073222693 | ||
| 041 | _aESP | ||
| 082 | _a658.83 H913i8 | ||
| 100 | _aC. Hull, John | ||
| 245 | _aIntroducción a los mercados de futuros y opciones | ||
| 250 | _a8 edición | ||
| 260 | _aMéxico | ||
| 260 | _bPearson Educación | ||
| 260 | _c2014 | ||
| 300 | _a624 páginas | ||
| 505 | _aContiene disco compacto N° 789 con el software Deriva Gem | ||
| 650 | _aMERCADOS | ||
| 650 | _aTASAS DE INTERÉS | ||
| 650 | _aPRECIOS | ||
| 650 | _aTITULACIÓN | ||
| 650 | _aCRISIS DE CRÉDITO | ||
| 650 | _aACCIONES | ||
| 650 | _aÁRBOLES BINOMIALES | ||
| 650 | _aMODELO BLACK | ||
| 650 | _aSCHOLES | ||
| 650 | _aMERTON | ||
| 650 | _aÍNDICES BURSÁTILES | ||
| 650 | _aDIVISAS | ||
| 650 | _aLETRAS GRIEGAS | ||
| 942 |
_cBK _2ddc |
||
| 999 |
_c10518 _d10518 |
||